Normal view
MARC view
- Park, Sung-Min.
Entry Personal Name
001 - CONTROL NUMBER
- control field: 54797
003 - CONTROL NUMBER IDENTIFIER
- control field: OSt
005 - DATE AND TIME OF LATEST TRANSACTION
- control field: 20240315124924.0
008 - FIXED-LENGTH DATA ELEMENTS
- fixed length control field: 240315|| aca||aabn | a|a d
040 ## - CATALOGING SOURCE
- Original cataloging agency: OSt
- Transcribing agency: OSt
100 ## - HEADING--PERSONAL NAME
- Personal name: Park, Sung-Min.
- Relator term: author.
670 ## - SOURCE DATA FOUND
- Source citation: Work cat.: (OSt): Kim, Jeong-Tae. author. 54796, Simple and seamless PWM scheme of isolated bidirectional AC–DC converter for reducing voltage spike /, August 2022.
